000 00702nam a2200217Ia 4500
001 15850
003 GE_BSU
008 181216s||||||||xx |||||||||||||| ||und||
040 _cGE_BSU
080 _a821.353.1-1
100 _aჭიჭინაძე, კონსტანტინე
245 _aერთტომეული
245 _bლექსები
245 _cკალე ბობოხიძის შესავალი წერილით
260 _aთბილისი
260 _bსაბჭ. საქართველო
260 _c1958
300 _a275გვ. : 1ფ. პორტრ. ; 21სმ.
653 _aლექსები
942 _cBK
999 _c48947
_d48947